Cultural attitudes reflected in American Press coverage of the third world, case study: El Salvador in the early 1980sb
sin resumen
Đã lưu trong:
| Tác giả chính: | |
|---|---|
| Định dạng: | Texto |
| Được phát hành: |
Virginia:
University of Virginia
|
| Các nhãn: |
Thêm thẻ
Không có thẻ, Là người đầu tiên thẻ bản ghi này!
|
MARC
| LEADER | 00000 a a2200000 04500 | ||
|---|---|---|---|
| 001 | 4687 | ||
| 003 | |||
| 040 | |||
| 090 | |a 118300 | ||
| 100 | |a Valle, Ana E | ||
| 245 | |a Cultural attitudes reflected in American Press coverage of the third world, case study: El Salvador in the early 1980sb | ||
| 260 | |a Virginia: |b University of Virginia | ||
| 300 | |a 69 p | ||
| 520 | |a sin resumen | ||
| 999 | |c 13269 |d 13269 | ||
